000 00904nas a2200277 4500
001 BR7602144
003 BR-BrBNA
005 20231205082955.0
007 ta
008 230509b bl.|||p| |||| 00| 00por d
040 _aBR-BrBNA
_bpor
_cBiblioteca Nacional de Agricultura
041 _a(Pt)
072 _aH10
100 1 _aBotelho, P.S.M.
100 1 _aSilveira Neto, S.
100 1 _aLara, F.M.
245 1 _aFlutuacao populacional do curuquere do algodoeiro (Alabama argillacea, Huer.), em 4 municipios do estado de Sao Paulo [Gossypium ssp; Brasil]
_bParte de tese
650 _aPraga de planta
650 _aAlgodao
650 _aCuruquere
650 _aCaptura
650 _aArmadilha luminosa
773 0 _tAnais da Sociedade Entomologica do Brasil (Brazil)
_xISSN 0301-8059
_g(1976), v. 5(2) p. 181-193
_wBR7602144
909 _a202311
_bLúcia
_c55
_dLúcia Elande
942 _2AGRIS
_n0
_cANA
999 _c95483
_d95483